|
|
|
|
| LEADER |
00000nam0a2200000 4500 |
| 001 |
24289 |
| 005 |
20231101205611.0 |
| 010 |
|
|
|a 5942110018
|
| 035 |
|
|
|a (RuTPU)RU\TPU\book\24516
|
| 035 |
|
|
|a BOOK00002284
|
| 090 |
|
|
|a 24289
|
| 100 |
|
|
|a 20011209d2000 m y0rusy50 ca
|
| 101 |
0 |
|
|a rus
|
| 102 |
|
|
|a RU
|
| 105 |
|
|
|a y z 000zy
|
| 200 |
1 |
|
|a Техногенные массивы и их воздействие на окружающую среду
|f М. А. Пашкевич
|
| 210 |
|
|
|a СПб.
|c Изд-во СПбГГи
|d 2000
|
| 215 |
|
|
|a 230 с.
|
| 606 |
1 |
|
|a Горные работы открытые
|x Влияние на окружающую среду
|2 stltpush
|3 (RuTPU)RU\TPU\subj\8222
|9 35689
|
| 610 |
1 |
|
|a техногенные массивы
|
| 610 |
1 |
|
|a отходы
|
| 610 |
1 |
|
|a окружающая среда
|
| 610 |
1 |
|
|a загрязнение
|
| 610 |
1 |
|
|a атмосфера
|
| 610 |
1 |
|
|a природные воды
|
| 610 |
1 |
|
|a природная среда
|
| 610 |
1 |
|
|a риски
|
| 610 |
1 |
|
|a оценка
|
| 675 |
|
|
|a 622.271
|v 3
|
| 700 |
|
1 |
|a Пашкевич
|b М. А.
|g Мария Анатольевна
|
| 801 |
|
0 |
|a RU
|b 63413507
|c 20011209
|g PSBO
|
| 801 |
|
2 |
|a RU
|b 63413507
|c 20140707
|g PSBO
|
| 942 |
|
|
|c BK
|